GETS Theological Seminary Library

運轉中年 (Record no. 19100)

MARC details
000 -LEADER
fixed length control field 00733nam a2200229Ia 4500
008 - FIXED-LENGTH DATA ELEMENTS--GENERAL INFORMATION
fixed length control field 200825s9999||||xx |||||||||||||| ||und||
020 ## - INTERNATIONAL STANDARD BOOK NUMBER
International Standard Book Number 9579186111
020 ## - INTERNATIONAL STANDARD BOOK NUMBER
International Standard Book Number 9789579186117
041 ## - LANGUAGE CODE
Language code of text/sound track or separate title chi
Language code of original eng
050 ## - LIBRARY OF CONGRESS CALL NUMBER
Classification number HQ1059.4
Item number .N5212 1992
100 ## - MAIN ENTRY--PERSONAL NAME
Personal name Nichol, Michael P.
245 #0 - TITLE STATEMENT
Title 運轉中年
Remainder of title = Turning forty in the eighties /
Statement of responsibility, etc. Michael P. Nichols 著; 周增祥譯
246 ## - VARYING FORM OF TITLE
Title proper/short title 运转中年
260 ## - PUBLICATION, DISTRIBUTION, ETC.
Place of publication, distribution, etc. 台北市 :
Name of publisher, distributor, etc. 台灣基督教文藝出版社,
Date of publication, distribution, etc. 1992
300 ## - PHYSICAL DESCRIPTION
Extent 198 p.
Other physical details ;
Dimensions 21 cm.
500 ## - GENERAL NOTE
General note Translation of: Turning forty in the eighties.
650 ## - SUBJECT ADDED ENTRY--TOPICAL TERM
Topical term or geographic name entry element Life change events.
650 ## - SUBJECT ADDED ENTRY--TOPICAL TERM
Topical term or geographic name entry element Maturation (Psychology).
650 ## - SUBJECT ADDED ENTRY--TOPICAL TERM
Topical term or geographic name entry element Middle age Psychological aspects.
700 ## - ADDED ENTRY--PERSONAL NAME
Personal name 周增祥
Holdings
Withdrawn status Lost status Damaged status Not for loan Home library Current library Shelving location Date acquired Total Checkouts Full call number Barcode Date last seen Price effective from Koha item type
        GETS Theological Seminary Library GETS Theological Seminary Library General Stacks 08/25/2020   HQ1059.4 .N5212 1992 00006488 08/25/2020 08/25/2020 Chinese Book
OpacCredits

Contact the Librarian, GETS Library
Email: library@mygets.org









Implemented by GETS Library
(Powered by ETCA Professional Group)
GETS Theological Seminary
412 E. Rowland Street, CA 91723